000 00351 a2200109 4500
001 ART_9739
005 20260410161838.0
008 260409a
245 1 0 _a¿Sabemos calcular los efectos de un plan de ventas?
100 1 _aHerrscher, Enrique G.
773 0 _tContabilidad y administración
_g- Año 6, Nº 67 (ene. 1983)
_wREV5485
999 _c23859
_d23859